000 00850cam a2200253 i 4500
003 SA-RiAUC
005 20260306133719.0
008 260301s1982 su g 000r0dara c
040 _aSA-JeALM
_bara
_cSA-RiAUC
_erda
043 _aa-su---
082 0 4 _a252.5
090 _a252.5
_bح س ن
100 1 _aالحسن، أنور
_eمؤلف.
245 1 0 _aرحلتي إلى الحج /
_cأنور الحسن.
250 _aالطبعة الأولى.
264 1 _a[مكان النشر غير محدد] :
_bأنور الحسن،
_c2000
300 _a61 صفحة ؛
_c18 سم.
336 _aنص
_btxt
_2rdacontent
_3كتاب
337 _aبدون وسيط
_bn
_2rdamedia
650 7 _aالحج
_vرحلات
_2aucsh
651 7 _aمكة المكرمة
_xوصف ورحلات
_2aucsh
942 _2ddc
_cBOOK
_n0
949 _aSA-JeALM
_d260301
_uosman123
_n1
999 _c14498
_d14498